Do you sell or supply goods for consumption in Bihar-- if so do you know what you should know? (Record no. 496964)

000 -LEADER
fixed length control field 00310cam a22000977a 4500
008 - FIXED-LENGTH DATA ELEMENTS--GENERAL INFORMATION
fixed length control field 180718b1954 xxu||||| |||| 00| 0 eng d
082 ## - DEWEY DECIMAL CLASSIFICATION NUMBER
Classification number T14x5413
245 ## - TITLE STATEMENT
Title Do you sell or supply goods for consumption in Bihar-- if so do you know what you should know?
260 ## - PUBLICATION, DISTRIBUTION, ETC.
Place of publication, distribution, etc. Patna
Name of publisher, distributor, etc. Government Pres
Date of publication, distribution, etc. 1954
300 ## - PHYSICAL DESCRIPTION
Extent 29p
Holdings
Withdrawn status Lost status Damaged status Not for loan Permanent Location Current Location Date acquired Full call number Barcode Date last seen Price effective from Koha item type
        Indian Institute of Public Administration Indian Institute of Public Administration 2018-08-04 T14x5413 GG33163 2018-08-04 2018-08-04 GG

Powered by Koha